00708nam a2200193 a 450000100100000000500170001000800410002704000250006808200080009310000360010124500740013726000540021130000210026549000310028670000350031783000360035295201090038899900170049700004014320201002033938.0130808s1979 cu 000 0 spa d aDO-SdBNPbspacBNPHU axxx1 aCardenal, Ernesto,d1925-9809010aPoesía /cErnesto Cardenal ; selección y prólogo Cintio Vitier. aEl Vedado, Cuba :bCasa de las Américas,c1979. a360 p. ;c19 cm.1 aLiteratura latinoamericana1 aVitier, Cintio,epról.97347 0aLiteratura latinoamericana9500 0010507-18MOaGRbGRcOId2013-08-08iLF1l0oxxx p40143-10r2020-06-25w2020-06-25y1ZNo se presta c39633d39633